Portugal, hoje : o medo de existir (Registo nº 197759)

Detalhes MARC
000 -Etiqueta do registo
Valores 00754nam 22002653 4500
010 ## - Número ISBN
ISBN 972-708-817-1
021 ## - Número do Depósito Legal
Código do país Portugal
Número 223036/05
100 ## - Dados gerais de processamento
Dados gerais 20250903 pory50
101 ## - Língua de publicação
Língua Português
102 ## - País de publicação
País Portugal
200 ## - Titulo e menção de responsabilidade
Título próprio Portugal, hoje : o medo de existir
Primeira menção de responsabilidade José Gil
205 ## - Menção da edição
Edição
210 ## - Publicação
Nome do editor Relógio D'Água
Local de publicação Lisboa
Data de publicação 2005
215 ## - Descrição física 
Paginação / Volumes 142, [10] p.
Outras indicações físicas brochado
Dimensões 21 cm
225 ## - Colecção 
Título próprio da colecção Argumentos
606 ## - Nome comum usado como assunto
ID Autoridade 4534
Palavra de ordem Civilização, Cultura , Progresso
606 ## - Nome comum usado como assunto
ID Autoridade 11629
Palavra de ordem Ciências Sociais
675 ## - CDU
Notação 008
Edição PT
Língua por
675 ## - CDU
Notação 316.32(469)/GIL/POR
Edição PT
Língua por
700 ## - Autor principal (pessoa individual)
ID Autoridade 13820
Apelido Gil
Nome José
Datas 1939-
801 ## - Fonte de origem
País PT
Agência BMMN
Regras de catalogação RPC
830 ## - Notas gerais do catalogador
Criado por Vanda e Carlos Pinto
Indexado por Carlos Pinto
Data de modificação 13-11-2025
990 ## - Elementos KOHA
Tipo de documento Livro
Exemplares
Situação do levantamento Biblioteca de origem Código de barras Cota Permissão de empréstimo Tipo de documento Forma de aquisição
  Biblioteca Municipal de Montemor-o-Novo 25909 008 GIL|DEP   Livro Compra
  Escola Secundária de Montemor-o-Novo 27682 316.32(469)/GIL/POR   Livro Oferta

Powered by Koha